Analýza liehovín aromatizovaných anízom fluorescenčnou spektrometriou

Na minha lista:
Detalhes bibliográficos
Autor principal: Horosová, Tímea (Author)
Outros Autores: Sádecká, Jana (Thesis advisor)
Formato: Manuscrito Livro
Idioma:eslovaco
Publicado em: 2021
Assuntos:
Acesso em linha:http://is.stuba.sk/zp/portal_zp.pl?podrobnosti=157649
Tags: Adicionar Tag
Sem tags, seja o primeiro a adicionar uma tag!

MARC

LEADER 00000ntm a22000003a 4500
001 stuzp84668
003 SK-STU
005 20210605210822.6
007 ta
008 150427s2015----xo-----f-mn---000-0-slo-d
040 |a STU  |b slo 
041 0 |a slo 
100 1 |a Horosová, Tímea  |u 041000  |4 aut  |U FCHPT Fakulta chemickej a potravinárskej technológie  |T FCHPT Ústav analytickej chémie  |X 86701  |U C1000  |Y 99  |7 86701 
242 0 1 |a Analysis of Aniseed-Flavored Spirit Drinks Using Fluorescence Spectrometry  |y eng 
245 1 0 |a Analýza liehovín aromatizovaných anízom fluorescenčnou spektrometriou 
260 |c 2021 
650 4 |a liehoviny aromatizované anízom  |2 slo 
650 4 |a PLS  |2 slo 
650 4 |a fluorescenčná spektrometria  |2 slo 
650 4 |a PLS  |2 eng 
650 4 |a anise flavored spirits  |2 eng 
650 4 |a fluorescence spectrometry  |2 eng 
700 1 |a Sádecká, Jana  |u 041000  |k Z1  |4 ths  |U FCHPT Fakulta chemickej a potravinárskej technológie  |T FCHPT Ústav analytickej chémie  |X 3383  |U C1000  |Y 99  |7 3383 
856 4 |u http://is.stuba.sk/zp/portal_zp.pl?podrobnosti=157649